| 000 | 00917cab a2200265 4500 | ||
|---|---|---|---|
| 001 | ABS58315 | ||
| 008 | 090401t1998 xxu||||| |||| 00| 0 eng d | ||
| 035 | _a(Sirsi) u84252 | ||
| 041 | _aeng | ||
| 100 | _aMace, A. | ||
| 245 | _aDon`t mix up schedules of condition and dilapidation | ||
| 260 | _c1998 | ||
| 350 | _a0 | ||
| 490 |
_aCSM _bChartered Surveyor Monthly _v7(5) February 1998, 42-43(2) |
||
| 520 | _aWarns of the problems that can arise when schedules of condition are used to try and limit dilapidations liability on long leases. Advises the use of a video-recorder to record a building`s overall condition. | ||
| 650 |
_aBlock management _96220 |
||
| 650 | _aBUILDING SURVEYS | ||
| 650 |
_aDilapidations _96235 |
||
| 650 | _aLIABILITY | ||
| 650 | _aLONG LEASES | ||
| 650 | _aSCHEDULES OF CONDITION | ||
| 690 | _aLANDLORD AND TENANT-BUSINESS TENANCIES | ||
| 942 | _n0 | ||
| 948 | _c16/02/1998 | ||
| 999 |
_c52939 _d52939 |
||